00379nam a2200145Ia 4500008004100000020001500041041001200056100001600068245007900084250000800163260002500171300000800196650001100204700001800215221030s9999 xx 000 0 und d a8120306538 aEnglish aL. Cromwell 0aBiomedical Instrumentation and Measurementscby L. Cromwell, F. J. Weibell a2nd bPHIaNew Delhic2001 a510 aBB ECE aF. J. Weibell